书目信息 |
| 书名: | Algebra1 | |
| 作者: | Mcgraw-hall. | |
| 分册号: | ||
| 分册名: | 出版地: | New York : |
|
| 出版社: | Free Press | |
| 出版时间: | 1998. | |
| 页数: | 862 p. ; | |
| 开本: | 28cm. | |
| 丛书名: | ||
| 中图分类号: | ||
| 科图分类号: | ||
| 其他分类号: | O122 | |
| 主题词: | ||
| 电子资源: | ||
| 000 | 00370nam 2200145 a 4500 | |
| 001 | E0458918380 | |
| 005 | 2004122316215837 | |
| 008 | 041223s1998 00010 eng | |
| 020 | @a0-02-825334-5 :@cRMB 12.00. | |
| 040 | @aPFT@beng | |
| 090 | @aO122 | |
| 099 | @dO122@eC713 | |
| 245 | @aAlgebra1 / @cMcgraw-hall. | |
| 260 | @aNew York :@bFree Press,@c1998. | |
| 300 | @a862 p. ;@c28cm. | |
| Algebra1 / / Mcgraw-hall.-New York : : Free Press, , 1998. |
| 862 p. ; ; 28cm. |
| ISBN 0-02-825334-5 :RMB 12.00. |
| ● |
| 相关链接 |
|
|
|
正题名:Algebra1
索取号:O122/C713
 
预约/预借
| 序号 | 登录号 | 条形码 | 馆藏地/架位号 | 状态 | 备注 |
| 1 | 05177 | 300051770 | 自科库401/401自科库 105排9列1层/ [索取号:O122/C713] | 在馆 |